000 00447nam a2200169Ia 4500
003 OSt
005 20260325094158.0
008 230105s9999||||xx |||||||||||||| ||und||
040 _cChuka University Library
050 _aPL 8704
_b.M6T8 2006
100 _aMomanyi, Clara
_94063
245 0 _aTumaini
260 _aNairobi
_bVide-Muwa Publishers
_c2006
300 _a161p.
_bIllustrated
650 _aKiswahili--fiction
_911998
942 _cBK
_2lcc
_04
999 _c6474
_d6474